| 000 | 00878nam a22002177a 4500 | ||
|---|---|---|---|
| 005 | 20110906113731.0 | ||
| 010 | _aG-001343 | ||
| 020 |
_c400.00 _a8186323325 |
||
| 035 | _aG-001343 | ||
| 037 | _bGift | ||
| 082 | _a464.09 | ||
| 245 |
_aLanguage, culture and society: _cedited by Panchanan Mohanty (and) Ramesh C. Malik _bstudies in Honour of Acharya Bhabananda / |
||
| 260 |
_aDelhi _bIndian Institure of Language Studies _c2008 |
||
| 270 |
_aC-13/33, Sector-9, Rohini _bDelhi _e110085 |
||
| 300 |
_a179p. _c23cm(Hb) |
||
| 700 |
_a Mohanty, Panchanan _934481 |
||
| 700 |
_a Malik, Ramesh C. _934482 |
||
| 942 |
_2ddc _cEN _h464.09 _mLAN |
||
| 999 |
_c56376 _d56376 |
||